000
00291nam a22001217a 4500
040
_c
HS
082
_a
351 EDW 1981 C089
100
_a
EDWARD M. GRAMLICH
245
_a
Benefit-cost analysis of government programs
260
_a
USA
_b
EDWARD M. GRAMLICH
_c
1981
300
_a
273p;
942
_c
EK
999
_c
11159
_d
11159